00000000cam 2200000zi 4500
0019.963306
003CaOODSP
00520260604095405
006m     o  d f      
007cr bn|||||||||
008260604e20260603onc     ol   f000 0 eng d
040 |aCaOODSP|beng|erda|cCaOODSP
0410 |aeng|afre
043 |an-cn---
0861 |aXB451-282/1-PDF
1101 |aCanada. |bParliament. |bHouse of Commons, |eissuing body.
24513|aAn Act to amend the Veterans Well-being Act = |bLoi modifiant la Loi sur le bien-être des vétérans.
24611|aLoi modifiant la Loi sur le bien-être des vétérans
2461 |iShort title: |bService Dogs for Veterans Act
264 1|a[Ottawa] : |bHouse of Commons of Canada = Chambre des communes du Canada, |cJune 3, 2026.
300 |a1 online resource (ii, 2 pages).
336 |atext|btxt|2rdacontent
337 |acomputer|bc|2rdamedia
338 |aonline resource|bcr|2rdacarrier
4901 |aBill C-... ; |vBill C-282, 1st Session, 45th Parliament
500 |a"First Session, Forty-fifth Parliament, 3-4 Charles III, 2025-2026."
500 |a"First reading, June 3, 2026."
500 |a"Mr. Barrett."
520 |a"This enactment amends the Veterans Well-being Act to provide that rehabilitation services provided under the Act include the provision of service dogs to veterans"--Summary, page ii.
546 |aText in English and French.
61010|aCanada. |tVeterans Well-being Act.
650 0|aVeterans|xMedical care|xLaw and legislation|zCanada.
650 0|aService dogs|xLaw and legislation|zCanada.
655 7|aLegislative bills|2lcgft
788 |tAn Act to amend the Veterans Well-being Act = |efre|w(CaOODSP)9.963307
830#0|aBill C-...|vBill C-282, 1st Session, 45th Parliament.|w(CaOODSP)9.500659
85640|qPDF|s151 KB|uhttps://publications.gc.ca/collections/collection_2026/parl/XB451-282-1.pdf
8564 |qHTML|sN/A|uhttps://www.parl.ca/documentviewer/en/45-1/bill/C-282/first-reading
986 |a451163